| 000 | 00417nam a2200145 a 4500 | ||
|---|---|---|---|
| 001 | 000035538 | ||
| 005 | 20200930074421.0 | ||
| 008 | 111103s1999 sp 000 0 spa d | ||
| 020 | _a8484034356 | ||
| 040 |
_aDO-SdBNP _bspa _cBNPHU |
||
| 100 | 1 |
_aDe Sade, Marqués _961433 |
|
| 245 | 1 | 0 |
_aCuentos, historietas y fábulas / _cMárques De Sade. |
| 260 |
_aMadrid : _bEdimat Libros , _c1999. |
||
| 300 |
_a272 p. : ; _c19 cm. |
||
| 999 |
_c35029 _d35029 |
||